| 000 | 00698nam a2200217 a 4500 | ||
|---|---|---|---|
| 003 | SISC | ||
| 005 | 20160822140535.0 | ||
| 008 | 120713s19uu xx 00 eng d | ||
| 020 | _a9780521681872 | ||
| 050 |
_aHA 31.2 _b.St83 2012 |
||
| 100 | _aStopher, Peter R. | ||
| 245 |
_aCollecting, managing, and assessing data using sample surveys / _cPeter Stopher. |
||
| 260 |
_aCambridge, UK : _bCambridge University Press, _c2012. |
||
| 300 |
_a534 pages : _bill. ; _c30 cm. |
||
| 500 | _aIncludes bibliographical references (p. 511-524) and index. | ||
| 650 |
_aSurveys _xDesign. |
||
| 650 |
_aSurveys _xMethodology |
||
| 650 | _aSampling (Statistics) | ||
| 942 |
_cBK _2lcc _kFOR |
||
| 999 |
_c25197 _d25197 |
||